Sports Quiz

Random Sports or Baseball Quiz

A's Hall-of-Famers Quiz Stats

 Plays Quiz not verified by Sporcle

Also try: ACC
Challenge
Share
Tweet
Embed
Score 0/39 Timer 15:00
0 Plays Today
Years Played with Athletics Player % Correct
1967-1975, 1987Reggie Jackson
97.1%
1979-1984, 1989-1995, 1998Rickey Henderson
92.1%
1965-1974Catfish Hunter
91.7%
1987-1995Dennis Eckersley
87.6%
1947-1949Nellie Fox
85.5%
1925-1935Jimmie Foxx
82.6%
2006, 2008Frank Thomas
80.8%
2007Mike Piazza
76.9%
1968-1976Rollie Fingers
76.8%
1965Satchel Paige
70.5%
1925-1933Lefty Grove
69.3%
1999Tim Raines
69.2%
1924-1932, 1940-1941, 1944Al Simmons
68.5%
1984Joe Morgan
66.8%
1925-1933Mickey Cochrane
62.7%
1975-1976Billy Williams
60.2%
1959-1960Dick Williams
60.2%
1908-1914Frank Baker
58.5%
1906-1914, 1927-1930Eddie Collins
57.3%
1907-1908Jimmy Collins
56.8%
Years Played with Athletics Player % Correct
1901-1914Eddie Plank
52.7%
1927-1928Ty Cobb
51.9%
1976Willie McCovey
48.5%
1992-1993Rich Gossage
48.1%
1928Tris Speaker
46.5%
1903-1914Chief Bender
43.2%
1901-1902, 1915-1916Nap Lajoie
43.2%
1985Don Sutton
42.7%
1902-1907Rube Waddell
41.9%
1972Orlando Cepeda
39.8%
1943-1946George Kell
38.2%
1955-1956Enos Slaughter
25.7%
1931Waite Hoyt
24.9%
1912-1915Herb Pennock
24.9%
1902Elmer Flick
24.1%
1927Zack Wheat
21.6%
1956Tommy Lasorda
20.3%
1912Stan Coveleski
17.4%
1958-1960Whitey Herzog
17%

You're not logged in!

Compare scores with friends on all Sporcle quizzes.
Join for Free
OR
Log In

You Might Also Like...

Show Comments

Extras

Top Quizzes Today


Score Distribution

Your Account Isn't Verified!

In order to create a playlist on Sporcle, you need to verify the email address you used during registration. Go to your Sporcle Settings to finish the process.

Report this User

Report this user for behavior that violates our Community Guidelines.

Details: